000 00673nam a2200241Ia 4500
003 OSt
005 20230328145609.0
008 210423s2005 xx 000 0 und d
020 _a8122901859
040 _cAL
041 _aeng
082 _a070.1 HACW
100 _aHACHTEN (William A);SCOTTON (James F)
_979053
245 _aWorld news prism: global media in an era of terrorism
250 _a6
260 _aNew Delhi
_bSurjeeth Publications
_c2005
300 _axxi,205
_bPB
365 _b195
_cINR
650 _aGeneral
_979054
650 _aMass Media
_979055
906 _aan ; era ; global ; media ; news ; prism: ; terrorism. ; World
942 _2ddc
_cBK
999 _c156237
_d156237